LEADER 00822nam a2200229 i 4500 001 000000040004 003 CaOOAMICUS 005 20220406160034.0 008 070426s1970 it u000 u ita u 013 $a11162 040 $aSeMil$bita 100 1 $aNievo, Ippolito,$d<1831-1861>.$0(OLS)http://semarc/name/1540 245 10$a[Poesie]. 300 $aLXXXIX, 1142 p. ;$c18 cm 541 0 $aFondo Ciprandi (1C III 65) 773 0 $aNievo, Ippolito <1831-1861>$tTutte le opere di Ippolito Nievo.$d[Milano] : Mondadori, 1970.$kClassici Mondadori$gVolume1$w()1700 850 $aSeMil 852 $aSeMil$W1$xVenegono$y1$m1C III 65$j6159$B6159$CSeMilBibl$Z2$F6159 $81 941 1 $a1 961 $aOmaggio: Ciprandi dott. Paolo 996 $6245$a[Poesie]$9(OLS)http://semarc/title/57278 LEADER 01453nam a2200301 4500 001 000000346672 003 CaOOAMICUS 005 20210618115643.0 008 210618s2019 it 000 u ita r 020 $a978-88-372-2993-1 040 $aSeMil$bita 100 0 $aEpiphanius,$c.$0(OLS)http://semarc/name/5724 245 10$aLibro primo /$cEpifanio di Salamina ; a cura di Giovanni Pini ; con un saggio di Gabriella Aragione ; revisione delle note e della bibliografia di Barbara Cangemi Trolla. 250 $a2. Ed. 264 1$aBrescia :$bMorcelliana,$c2019. 300 $a982 p. ;$c23 cm 490 1 $aLetteratura cristiana antica. Nuova serie ;$v21 700 1 $aAragione, Gabriella.$0(OLS)http://semarc/name/94263 700 1 $aPini, Giovanni,$d<1929-2020>.$0(OLS)http://semarc/name/23275 700 1 $aCangemi Trolla, Barbara.$0(OLS)http://semarc/name/114132 773 0 $aEpiphanius, $tPanarion.$dBrescia : Morcelliana, 2010-$kLetteratura cristiana antica. Nuova serie$g1$w()346671 830 0$aLetteratura cristiana antica. Nuova serie ;$v21.$0(OLS)http://semarc/title/20700 850 $aSeMil 852 $aSeMil$W1$xVenegono$y1$m2TA D 21$j228373$B237754$CSeMilBibl$Z2$F237754 $81 996 $6020$a978-88-372-2993-1$9(OLS)http://semarc/number/293337 996 $6245$aLibro primo$9(OLS)http://semarc/title/113697 996 $6264$aBrescia :$bMorcelliana$9(OLS)http://semarc/publisher/29629